ბათუმის შოთა რუსთაველის სახელმწიფო უნივერსიტეტის ბიბლიოთეკა

Ранний железный век : (ბიბ.ჩანაწერი № 60954)

000 -LEADER
fixed length control field 00768nam a22001697a 4500
005 - DATE AND TIME OF LATEST TRANSACTION
control field 20231129122224.0
008 - FIXED-LENGTH DATA ELEMENTS--GENERAL INFORMATION
fixed length control field 231129s1977 ru ||||| |||| 00| 0 rus d
041 ## - LANGUAGE CODE
Language code of text/sound track or separate title rus
080 ## - UNIVERSAL DECIMAL CLASSIFICATION NUMBER
Universal Decimal Classification number 902/904 Г-76
100 ## - MAIN ENTRY--PERSONAL NAME
Personal name Граков, Б.Н.
9 (RLIN) 20505
245 ## - TITLE STATEMENT
Title Ранний железный век :
Remainder of title (Культуры Западной и Юго-Восточной Европы) /
Statement of responsibility, etc. Б.Н. Граков.
264 ## - PRODUCTION, PUBLICATION, DISTRIBUTION, MANUFACTURE, AND COPYRIGHT NOTICE
Place of production, publication, distribution, manufacture Москва :
Name of producer, publisher, distributor, manufacturer Изд-во Москов. ун-та,
Date of production, publication, distribution, manufacture, or copyright notice 1977.
300 ## - PHYSICAL DESCRIPTION
Extent 235 с.:
Other physical details ил.;
Dimensions 27 см.
653 ## - INDEX TERM--UNCONTROLLED
keyword ადრეული რკინის ხანა
653 ## - INDEX TERM--UNCONTROLLED
keyword დასავლეთ და სამხრეთ-აღმოსავლეთ ევროპის კულტურები
942 ## - ADDED ENTRY ELEMENTS (KOHA)
Source of classification or shelving scheme
Koha item type წიგნი
ეგზემპლარები
Withdrawn status Lost status Source of classification or shelving scheme Damaged status Not for loan Permanent Location Current Location Shelving location Date acquired Cost, normal purchase price Full call number Barcode Date last seen Copy number Uniform Resource Identifier Price effective from Koha item type Public note
          ბათუმის შოთა რუსთაველის სახელმწიფო უნივერსიტეტის მთავარი ბიბლიოთეკა ბათუმის შოთა რუსთაველის სახელმწიფო უნივერსიტეტის მთავარი ბიბლიოთეკა წიგნსაცავი 2023-11-29 10.00 902/904 Г-76 65491 2023-11-29 65491 ბსუ-ს საპატიო დოქტორის გურამ ლორთქიფანიძის საჩუქარი 2023-11-29 წიგნი 10 ლ.